Statistics for Football Stars by Country

Click here to take the quiz!

General Stats

  • This quiz has been taken 903 times
    (362 since last reset)
  • The average score is 15 of 20

Answer Stats

PlayerAnswer% Correct
Diego MaradonaArgentina
99%
Frank LampardEngland
98%
RonaldoBrazil
97%
Thierry HenryFrance
97%
Ji Sung ParkSouth Korea
94%
Christiano RonaldoPortugal
90%
Eden HazardBelgium
89%
Gareth BaleWales
89%
Xabi AlonsoSpain
88%
Arjen RobbenNetherlands
87%
Andrea PirloItaly
86%
Didier DrogbaIvory Coast
81%
Petr CechCzech Republic
78%
Mario GomezGermany
71%
Clint DempseyUSA
71%
Victor MosesNigeria
66%
Georges SamarasGreece
56%
Faye WhiteEngland
29%
Ryan NelsonNew Zealand
28%
Emily ZurrerCanada
18%

Score Distribution

Percentile by Number Answered

Percent of People with Each Score

Your Score History

You have not taken this quiz since the last reset